000 00316nam a2200133Ia 4500
005 20251222155201.0
008 251222s9999||||xx |||||||||||||| ||spa||
082 _aESC. 61
100 _aFRISANCHO, Ariel.
245 0 _aSalud Comunitaria en el Ande Peruano
250 _a1ra. ed.
264 _bPSCTA
942 _cLIB
999 _c39931
_d39931